[Event "GER-ch Seniors 65"]
[Site "Hamburg"]
[Date "2018.07.25"]
[Round "5"]
[White "Kaiser, Guenter2222"]
[Black "Buss, Richard"]
[Result "1-0"]
[WhiteElo "1753"]
[BlackElo "1590"]
[PlyCount "171"]
[EventDate "2018.07.21"]
[EventType "swiss"]
[EventRounds "9"]
[EventCountry "GER"]
[SourceTitle "CBM 186 Extra"]
[Source "ChessBase"]
[SourceDate "2018.08.24"]
[SourceVersion "1"]
[SourceVersionDate "2018.08.24"]
[SourceQuality "1"]

1. d4 d5 2. c4 e6 3. Nc3 Nf6 4. Nf3 c6 5. e3 Be7 6. Bd3 Nbd7 7. a3 a6 8. 0-0 Qc7 9. c5 e5 10. Bf5 e4 11. Bxd7+ Bxd7 12. Ne5 0-0 13. f3 exf3 14. Qxf3 Be6 15. Bd2 Rad8 16. h3 Qc8 17. Be1 Ne8 18. Ne2 f5 19. Nf4 g5 20. Nh5 Nf6 21. Nxf6+ Bxf6 22. Nd3 Qc7 23. Bc3 Qg7 24. Rf2 Rd7 25. Qg3 h5 26. Kf1 h4 27. Qh2 Qh7 28. Ke2 Re8 29. Kd2 Qg7 30. Raf1 Rf8 31. g3 hxg3 32. Qxg3 Qh6 33. Nf4 Bf7 34. Ng2 Be6 35. Nf4 Bf7 36. Rg1 Kh7 37. Nd3 Bg6 38. Ne5 Bxe5 39. dxe5 Re7 40. Rfg2 f4 41. exf4 Be4 42. fxg5 Qg6 43. Rf2 Rxf2+ 44. Qxf2 Rf7 45. Qh4+ Kg8 46. e6 Rh7 47. Qg3 Qxe6 48. Qb8+ Kf7 49. Rf1+ Bf5 50. Qf4 Kg6 51. h4 Qe4 52. Qxe4 dxe4 53. Rf4 Rd7+ 54. Ke2 Rh7 55. Bf6 Rh5 56. Ke3 Rh7 57. Kd4 Rd7+ 58. Kc3 Rd3+ 59. Kb4 Rh3 60. Bc3 Rf3 61. Rxf3 exf3 62. Bd4 Kh5 63. Ka5 Kxh4 64. Kb6 Kxg5 65. Kxb7 Be4 66. Kxa6 Kf5 67. b4 Ke6 68. Kb7 Kd7 69. a4 Bd5 70. a5 Bc4 71. a6 Bxa6+ 72. Kxa6 Kc7 73. b5 cxb5 74. Kxb5 Kd7 75. Kc4 Kc6 76. Kd3 Kd5 77. Bf2 Kc6 78. Ke4 Kd7 79. Kxf3 Kc6 80. Ke4 Kd7 81. Kd5 Kc7 82. Bg3+ Kd7 83. Bf4 Kc8 84. Kc6 Kd8 85. Kb7 Kd7 86. c6+ 1-0

[Event "Hessen-ch Seniors op 12th"]
[Site "Bad Sooden-Allendorf"]
[Date "2016.04.30"]
[Round "1"]
[White "Buss, Richard"]
[Black "Krotofil, Kurt"]
[Result "0-1"]
[WhiteElo "1618"]
[BlackElo "1975"]
[PlyCount "94"]
[EventDate "2016.04.30"]
[EventType "swiss"]
[EventRounds "9"]
[EventCountry "GER"]
[SourceTitle "EXT 2019"]
[Source "ChessBase"]
[SourceDate "2018.10.10"]
[SourceVersion "1"]
[SourceVersionDate "2018.10.10"]
[SourceQuality "1"]

1. e4 c5 2. Nf3 Nc6 3. d4 cxd4 4. Nxd4 Nf6 5. Nc3 e5 6. Nb3 Bb4 7. Bd3 0-0 8. 0-0 a5 9. a4 d6 10. h3 Be6 11. Ne2 Qd7 12. Ng3 d5 13. c3 dxe4 14. Bc2 Qxd1 15. Rxd1 Be7 16. Bg5 Rfc8 17. Bxf6 gxf6 18. Nd2 f5 19. Bb3 Rc7 20. Bxe6 fxe6 21. Kf1 Rd8 22. Nb3 Rcd7 23. Ke2 Rd3 24. Nf1 b6 25. Nbd2 Bg5 26. Nc4 Kf7 27. Nxb6 f4 28. Nc4 f3+ 29. gxf3 exf3+ 30. Ke1 e4 31. Nfe3 Bf4 32. Rxd3 Rxd3 33. Rd1 Rxd1+ 34. Nxd1 Kg6 35. Nde3 Kh5 36. Ng4 Kh4 37. Nf6 Kxh3 38. Nxe4 Kg2 39. b3 Ne5 40. Nxe5 Bxe5 41. Kd2 Bf4+ 42. Kd3 h5 43. c4 h4 44. c5 h3 45. c6 h2 46. Ng5 h1Q 47. Nxf3 Kxf3 0-1

[Event "Bad Woerishofen Seniors op 32nd"]
[Site "Bad Woerishofen"]
[Date "2016.02.26"]
[Round "1"]
[White "Buss, Richard"]
[Black "Aigner, Georg"]
[Result "0-1"]
[WhiteElo "1657"]
[BlackElo "1932"]
[PlyCount "112"]
[EventDate "2016.02.26"]
[EventType "swiss"]
[EventRounds "9"]
[EventCountry "GER"]
[SourceTitle "EXT 2019"]
[Source "ChessBase"]
[SourceDate "2018.10.10"]
[SourceVersion "1"]
[SourceVersionDate "2018.10.10"]
[SourceQuality "1"]

1. e4 e5 2. Nf3 Nc6 3. d4 exd4 4. Nxd4 Bc5 5. Be3 Qf6 6. c3 Nge7 7. Be2 0-0 8. 0-0 Bb6 9. Qd2 h6 10. f4 d6 11. Qd3 Ng6 12. Nxc6 bxc6 13. Kh1 Re8 14. Nd2 a5 15. Bxb6 cxb6 16. g3 Qe7 17. Bf3 Ba6 18. c4 Rad8 19. Rfe1 d5 20. exd5 Qxe1+ 21. Rxe1 Rxe1+ 22. Kg2 cxd5 23. Bxd5 Rde8 24. Ne4 Re7 25. Kf2 Rc1 26. b3 Nf8 27. Qd2 Ra1 28. Qb2 Rd1 29. Qc2 Ra1 30. Qb2 Rd1 31. h4 Bb7 32. Qc2 Bxd5 33. Qxd1 Bxe4 34. Qd6 Re6 35. Qd4 f5 36. Qd8 Kf7 37. h5 g6 38. hxg6+ Nxg6 39. Qc7+ Ne7 40. Qd8 Bb1 41. Qd2 Nc6 42. a3 Ke7 43. Qd1 Be4 44. Qd2 Rd6 45. Qc3 Rd3 46. Qg7+ Kd8 47. Qf6+ Kc7 48. Qg7+ Kb8 49. Qf8+ Kb7 50. Qf7+ Ka6 51. Qe6 Rf3+ 52. Ke1 Nd4 53. Qc8+ Bb7 54. Qe8 Re3+ 55. Qxe3 Nc2+ 56. Ke2 Nxe3 0-1

[Event "GER-chB Seniors 26th"]
[Site "Bad Neuenahr"]
[Date "2014.08.13"]
[Round "9"]
[White "Merettig, Georg"]
[Black "Buss, Richard"]
[Result "1-0"]
[WhiteElo "1940"]
[BlackElo "1629"]
[PlyCount "89"]
[EventDate "2014.08.05"]
[EventType "swiss"]
[EventRounds "9"]
[EventCountry "GER"]
[SourceTitle "EXT 2018"]
[Source "ChessBase"]
[SourceDate "2017.10.13"]
[SourceVersion "1"]
[SourceVersionDate "2017.10.13"]
[SourceQuality "1"]

1. Nc3 e5 2. b3 g6 3. Bb2 Bg7 4. e3 Nf6 5. Nce2 Nc6 6. f4 d6 7. c3 Bf5 8. Nf3 Nd5 9. Ng3 Nde7 10. Nh4 Qd7 11. Nhxf5 Nxf5 12. fxe5 Bxe5 13. Ne4 Qe7 14. Nf2 h5 15. Qc2 a6 16. 0-0-0 0-0-0 17. Qe4 d5 18. Qa4 Nb8 19. Nd3 Bd6 20. c4 dxc4 21. Bxh8 Rxh8 22. Qxc4 b5 23. Qc3 Rd8 24. Kb1 Qe4 25. Rc1 Qe7 26. Be2 Ba3 27. Rc2 Bd6 28. a3 f6 29. Nf4 Bxa3 30. Nxg6 Qd6 31. Bxh5 Kb7 32. Bf3+ Ka7 33. Nf4 Ne7 34. Rf1 c5 35. g4 Nbc6 36. Rfc1 Ne5 37. Be2 Rc8 38. d4 Nd7 39. Nd3 Nd5 40. dxc5 Nxc5 41. Qd4 Nc3+ 42. Rxc3 Qxh2 43. Nxc5 Bxc5 44. Rxc5 Rb8 45. R5c2+ 1-0

[Event "Bad Woerishofen Seniors op 30th"]
[Site "Bad Woerishofen"]
[Date "2014.03.24"]
[Round "4"]
[White "Eigenmann, Christina"]
[Black "Buss, Richard"]
[Result "0-1"]
[WhiteElo "1809"]
[BlackElo "1628"]
[PlyCount "78"]
[EventDate "2014.03.21"]
[EventType "swiss"]
[EventRounds "9"]
[EventCountry "GER"]
[SourceTitle "EXT 2019"]
[Source "ChessBase"]
[SourceDate "2018.10.10"]
[SourceVersion "1"]
[SourceVersionDate "2018.10.10"]
[SourceQuality "1"]

1. d4 d5 2. c4 c6 3. cxd5 cxd5 4. Nc3 Nf6 5. Bf4 Nc6 6. e3 e6 7. Nf3 Bd6 8. Bxd6 Qxd6 9. Bd3 a6 10. 0-0 0-0 11. Rc1 Re8 12. Bb1 e5 13. dxe5 Nxe5 14. h3 Nxf3+ 15. Qxf3 Be6 16. Rfd1 Rad8 17. Rd4 Qe7 18. Qd1 g6 19. a3 Rd6 20. Ba2 Red8 21. Qf3 Kg7 22. Rcd1 b5 23. b4 h5 24. Bxd5 Bxd5 25. Nxd5 Nxd5 26. Rxd5 Qe6 27. Rxd6 Rxd6 28. Rxd6 Qxd6 29. e4 Qe5 30. Qe3 Qa1+ 31. Kh2 Qe5+ 32. f4 Qe6 33. Qd4+ f6 34. Qa7+ Kh6 35. Qe3 Qd6 36. g3 Qc6 37. Qd3 Qb6 38. Qd2 Qc7 39. Kg2 Qc6 0-1

[Event "Bad Woerishofen Seniors op 30th"]
[Site "Bad Woerishofen"]
[Date "2014.03.22"]
[Round "2"]
[White "Niedermaier, Peter"]
[Black "Buss, Richard"]
[Result "1-0"]
[WhiteElo "1844"]
[BlackElo "1628"]
[PlyCount "67"]
[EventDate "2014.03.21"]
[EventType "swiss"]
[EventRounds "9"]
[EventCountry "GER"]
[SourceTitle "EXT 2019"]
[Source "ChessBase"]
[SourceDate "2018.10.10"]
[SourceVersion "1"]
[SourceVersionDate "2018.10.10"]
[SourceQuality "1"]

1. e4 e5 2. Nf3 Nc6 3. Bb5 Bc5 4. 0-0 d6 5. d4 exd4 6. Nxd4 Bd7 7. Nxc6 bxc6 8. Bc4 Nf6 9. Bg5 0-0 10. Nc3 a5 11. Na4 Ba7 12. Qf3 Be6 13. Bxf6 gxf6 14. Bd3 Kh8 15. Nc3 Rg8 16. Ne2 Bg4 17. Qf4 Qe7 18. c3 Qe5 19. Qd2 Bh3 20. g3 Bxf1 21. Kxf1 Rg7 22. Qc2 Rag8 23. Qa4 Qc5 24. Nd4 Qh5 25. Kg2 Bc5 26. Be2 Qe5 27. Nf5 Rd8 28. Nxg7 Kxg7 29. Qxa5 f5 30. Bf3 h5 31. Re1 fxe4 32. Rxe4 Qg5 33. Rf4 d5 34. Qxc7 1-0

[Event "Bad Woerishofen Seniors op 30th"]
[Site "Bad Woerishofen"]
[Date "2014.03.21"]
[Round "1"]
[White "Buss, Richard"]
[Black "Abegg, Beat"]
[Result "0-1"]
[WhiteElo "1628"]
[BlackElo "1910"]
[PlyCount "84"]
[EventDate "2014.03.21"]
[EventType "swiss"]
[EventRounds "9"]
[EventCountry "GER"]
[SourceTitle "EXT 2019"]
[Source "ChessBase"]
[SourceDate "2018.10.10"]
[SourceVersion "1"]
[SourceVersionDate "2018.10.10"]
[SourceQuality "1"]

1. e4 c6 2. d4 d5 3. e5 c5 4. c3 Nc6 5. Nf3 Bg4 6. Be2 e6 7. Be3 Qb6 8. dxc5 Bxc5 9. Bxc5 Qxc5 10. Nbd2 Nge7 11. Nb3 Qb6 12. Nfd4 Bxe2 13. Qxe2 0-0 14. 0-0 Ng6 15. f4 Nge7 16. Kh1 Nxd4 17. Nxd4 a6 18. Rf3 Nc6 19. Nxc6 Qxc6 20. Raf1 g6 21. h4 Qc4 22. Qxc4 dxc4 23. Rd1 Rad8 24. Rd4 Rxd4 25. cxd4 Rd8 26. Rf2 Rxd4 27. Kh2 b5 28. g3 a5 29. Kh3 h5 30. a3 b4 31. axb4 axb4 32. Rc2 Kf8 33. Rf2 Ke7 34. Re2 Kd7 35. Rc2 Kc6 36. b3 c3 37. Rc1 Kd5 38. Kg2 Rd2+ 39. Kh3 Kd4 40. g4 c2 41. gxh5 gxh5 42. Kg3 Kc3 0-1

[Event "Bad Woerishofen Seniors op 28th"]
[Site "Bad Woerishofen"]
[Date "2012.03.04"]
[Round "3.49"]
[White "Helbig, Dieter"]
[Black "Buss, Richard"]
[Result "1/2-1/2"]
[WhiteElo "1795"]
[BlackElo "1401"]
[PlyCount "109"]
[EventDate "2012.03.02"]
[EventType "swiss"]
[EventRounds "9"]
[EventCountry "GER"]
[SourceTitle "EXT 2022"]
[Source "ChessBase"]
[SourceDate "2021.10.06"]
[SourceVersion "1"]
[SourceVersionDate "2021.10.06"]
[SourceQuality "1"]

1. c4 e5 2. Nc3 Nf6 3. g3 g6 4. Bg2 Bg7 5. e3 d6 6. Nge2 c6 7. d4 exd4 8. Nxd4 0-0 9. 0-0 Re8 10. e4 Qc7 11. Nde2 Be6 12. b3 Nbd7 13. Ba3 Bf8 14. Nf4 a6 15. Rc1 Rad8 16. Nxe6 Rxe6 17. Bh3 Ree8 18. Qf3 Bg7 19. Rfd1 Ne5 20. Qe2 Bf8 21. f4 Ned7 22. Bg2 Nb6 23. Qf2 Nc8 24. Kh1 Bg7 25. Qf3 Qa5 26. Bxd6 Nxd6 27. e5 Nc8 28. Rxd8 Rxd8 29. exf6 Bxf6 30. Ne4 Bb2 31. Rd1 Rxd1+ 32. Qxd1 Kg7 33. a4 Qc7 34. h4 h5 35. Kh2 Qe7 36. Qd2 Ba3 37. Qd4+ f6 38. c5 Qf7 39. Bh3 Ne7 40. Ng5 Qd5 41. Ne6+ Kf7 42. Nd8+ Kg7 43. Qxd5 cxd5 44. Nxb7 d4 45. Bf1 a5 46. Nd8 Nd5 47. Ne6+ Kf7 48. Nxd4 Bxc5 49. Nc6 Bb6 50. g4 hxg4 51. Kg3 f5 52. Ne5+ Kg7 53. Bb5 Ne7 54. Nd7 Bc7 55. Nc5 1/2-1/2